NBA team quizzes OKC thunder - Statistics

General Stats
  • This quiz has been taken 125 times
    75 since last reset
  • The average score is 8 of 13
Answer Stats
Hint Answer % Correct
Scoring leader Russell Westbrook
100%
how many finals appearances do they have 5
79%
how many jerseys have they retired 7
76%
What number did Russell Westbrook wear 0
75%
how many rings do they have 2
75%
when was their most recent trying (say never if they didn't get one) 2025
71%
what number did KD wear 35
71%
Steals leader Gary Payton
57%
Assists leader Gary Payton
56%
Blocks leader Serge Ibaka
54%
what Player did OKC choose to extend instead of James Harden Serge Ibaka
43%
who was the most recent jersey retirement (say none if they didn't retire any) Nick Collison
35%
Rebounds leader Jack Sikma
30%
No matching quizzes found
Score Distribution
Percent of People with Each Score
Percentile by Number Answered
Your Score History
You have not taken this quiz since the last reset